Diseño de un sistema seis sigma de aseguramiento de calidad de suplidores para Motorola de Centroamérica S.A
Spremljeno u:
| Glavni autor: | |
|---|---|
| Daljnji autori: | |
| Format: | Knjiga |
| Izdano: |
San José, C.R.
1996
|
| Teme: | |
| Oznake: |
Dodaj oznaku
Bez oznaka, Budi prvi tko označuje ovaj zapis!
|
MARC
| LEADER | 00000nam a2200000Ia 4500 | ||
|---|---|---|---|
| 003 | 007972 | ||
| 005 | 20221231144237.0 | ||
| 008 | 140114s1996 cr a m 000 ||s d | ||
| 040 | |c cru CEDI | ||
| 090 | |a TFG 3500 | ||
| 100 | |a Salazar Boza, Andres |9 9846 | ||
| 245 | |a Diseño de un sistema seis sigma de aseguramiento de calidad de suplidores para Motorola de Centroamérica S.A | ||
| 260 | |c 1996 |a San José, C.R. | ||
| 300 | |a 2 volúmenes | ||
| 500 | |a Proyecto de graduación (licenciatura en ingeniería industrial)--Universidad de Costa Rica. Facultad de Ingeniería. Escuela de Ingeniería Industrial | ||
| 650 | |x MOTOROLA DE CENTROAMERICA (COSTA RICA) |x ADMINISTRACION |x CONTROL DE CALIDAD |9 9848 | ||
| 700 | |9 9847 |a Orozco Sánchez, Roberto | ||
| 942 | |c TFG | ||
| 999 | |c 18987 |d 18987 | ||
